| 000 | 00558nam a2200181 a 4500 | ||
|---|---|---|---|
| 005 | 20240625063642.0 | ||
| 008 | 991125s1935 mx 000 0 spa u | ||
| 035 | _aUPN01000004264 | ||
| 049 | _aCG | ||
| 050 | 4 |
_aHD2965 _bF7.3 |
|
| 100 | 1 | _aFreyre, Francisco Javier | |
| 245 | 1 | 0 |
_aApuntes para la contabilidad de las sociedades cooperativas / _cFrancisco Javier Freyre. |
| 260 |
_aMéxico : _bTalleres Gráficos de la Nación, _c1935. |
||
| 300 | _a94 p. | ||
| 500 | _aDisponible en la Colección Medina | ||
| 650 | 4 |
_aCooperativas _911072 |
|
| 905 | _aLibro | ||
| 999 |
_c4264 _d4264 |
||